| 000 | 00540cam a2200133 4500500 | ||
|---|---|---|---|
| 005 | 20250921012005.0 | ||
| 041 | _afre | ||
| 042 | _adc | ||
| 100 | 1 | 0 |
_aRochdi, Rached _eauthor |
| 700 | 1 | 0 |
_a Hatem, Zghal _eauthor |
| 245 | 0 | 0 | _aفي تاريخ العلوم دراسات فلسفيّة لرشدي راشد |
| 260 |
_bL'Académie tunisienne (Beït al-Hikma),
_c2005. |
||
| 856 | 4 | 1 | _uhttps://shs.cairn.info/في-تاريخ-العلوم-دراسات-فلسفية-لرشدي-راشد--9789973490223?lang=fr&redirect-ssocas=7080 |
| 999 |
_c1509757 _d1509757 |
||